Yearly Tahqiqaat Islalmabad 2021: (Record no. 587496)
[ view plain ]
| 000 -LEADER | |
|---|---|
| fixed length control field | 00331nam a22001217a 4500 |
| 082 ## - DEWEY DECIMAL CLASSIFICATION NUMBER | |
| Classification number | 327 |
| 245 ## - TITLE STATEMENT | |
| Title | Yearly Tahqiqaat Islalmabad 2021: |
| Remainder of title | Muslim World and Democracy / |
| 260 ## - PUBLICATION, DISTRIBUTION, ETC. | |
| Place of publication, distribution, etc. | Islamabad : |
| Name of publisher, distributor, etc. | IRCRA, |
| Date of publication, distribution, etc. | 2021. |
| 300 ## - PHYSICAL DESCRIPTION | |
| Extent | 310 p. ; |
| Dimensions | 24 cm. |
| 942 ## - ADDED ENTRY ELEMENTS (KOHA) | |
| Source of classification or shelving scheme | |
| Koha item type | Book |
| Withdrawn status | Lost status | Source of classification or shelving scheme | Damaged status | Not for loan | Permanent Location | Current Location | Shelving location | Date acquired | Source of acquisition | Total Checkouts | Full call number | Barcode | Date last seen | Price effective from | Koha item type |
|---|---|---|---|---|---|---|---|---|---|---|---|---|---|---|---|
| Central Library (CL) | Central Library (CL) | Political Science | 01/04/2022 | Donated by IRCRA | 327 TAH | CL-D-1414 | 01/04/2022 | 01/04/2022 | Book |
